[Event "SVK GPX U18"]
[Site "Kremnica"]
[Date "2025.06.21"]
[Round "5"]
[White "Sleboda, Tomas"]
[Black "Demjan, David"]
[Result "0-1"]
[WhiteElo "1762"]
[BlackElo "1705"]
[PlyCount "55"]
[EventDate "2025.06.21"]
[EventType "tourn (rapid)"]
[EventRounds "9"]
[EventCountry "SVK"]
[SourceTitle "CB26_2025"]
[SourceDate "2025.06.25"]
[SourceVersion "1"]
[SourceVersionDate "2025.06.25"]
[SourceQuality "1"]

1. f4 d5 2. Nf3 Nc6 3. g3 Nf6 4. Bg2 Bf5 5. 0-0 e6 6. d3 Qd7 7. Nbd2 Bc5+ 8. Kh1 Ng4 9. e4 dxe4 10. dxe4 Ne3 11. Qe2 Nxf1 12. exf5 Nxd2 13. fxe6 Qxe6 14. Qxe6+ fxe6 15. Bxd2 0-0 16. Ng5 Rfe8 17. Re1 Rad8 18. Bc3 Bf2 19. Rf1 Bd4 20. Be4 h6 21. Bxc6 bxc6 22. Ne4 Bxc3 23. bxc3 Rd5 24. c4 Rd4 25. Nc3 Rxc4 26. Rf3 Rd8 27. Re3 Rd2 28. Ne2 0-1

[Event "SVK GPX U18"]
[Site "Kremnica"]
[Date "2025.06.21"]
[Round "3"]
[White "Sleboda, Tomas"]
[Black "Mrazik, Lukas"]
[Result "1/2-1/2"]
[WhiteElo "1762"]
[BlackElo "1670"]
[PlyCount "114"]
[EventDate "2025.06.21"]
[EventType "tourn (rapid)"]
[EventRounds "9"]
[EventCountry "SVK"]
[SourceTitle "CB26_2025"]
[SourceDate "2025.06.25"]
[SourceVersion "1"]
[SourceVersionDate "2025.06.25"]
[SourceQuality "1"]

1. c4 e5 2. Nc3 Bb4 3. g3 Bxc3 4. dxc3 d6 5. Bg2 Ne7 6. e4 Be6 7. b3 0-0 8. Be3 Nbc6 9. Ne2 Qd7 10. 0-0 Bh3 11. c5 Bxg2 12. Kxg2 Rad8 13. cxd6 Qxd6 14. Qc2 Qg6 15. Rfd1 b6 16. Rd2 Rxd2 17. Bxd2 Rd8 18. c4 f5 19. f3 fxe4 20. fxe4 Nd4 21. Nxd4 Rxd4 22. Re1 Nc6 23. Bc3 Rd8 24. Qf2 Rf8 25. Qe3 Qd6 26. Qe2 Rd8 27. Qf2 Rf8 28. Qe2 Rd8 29. Rf1 Qd3 30. Qf3 Qd7 31. Rf2 h6 32. Rd2 Qe7 33. Rf2 Rf8 34. Qe3 Rxf2+ 35. Kxf2 Qf6+ 36. Kg2 Qd6 37. Bb2 Qd1 38. Qf2 Qd3 39. Qf3 Qc2+ 40. Qf2 Qxe4+ 41. Kg1 Qb1+ 42. Kg2 Qe4+ 43. Qf3 Qxf3+ 44. Kxf3 Kf7 45. Ke4 Ke6 46. a3 a6 47. Bc3 b5 48. c5 g5 49. b4 h5 50. h3 Kf6 51. h4 g4 52. Bb2 Ke6 53. Bc3 Kf6 54. Bb2 Ke6 55. Bc3 Kf6 56. Kd5 Ne7+ 57. Ke4 Nf5 1/2-1/2

[Event "SVK GPX U18"]
[Site "Kremnica"]
[Date "2025.06.21"]
[Round "7"]
[White "Sleboda, Tomas"]
[Black "Sekera, Timotej"]
[Result "1/2-1/2"]
[WhiteElo "1762"]
[BlackElo "1782"]
[PlyCount "160"]
[EventDate "2025.06.21"]
[EventType "tourn (rapid)"]
[EventRounds "9"]
[EventCountry "SVK"]
[SourceTitle "CB26_2025"]
[SourceDate "2025.06.25"]
[SourceVersion "1"]
[SourceVersionDate "2025.06.25"]
[SourceQuality "1"]

1. d4 d5 2. e3 Nf6 3. Nf3 Bf5 4. c4 c6 5. Nc3 e6 6. Be2 Bb4 7. 0-0 0-0 8. c5 Nbd7 9. a3 Bxc3 10. bxc3 Ne4 11. Qb3 b6 12. cxb6 axb6 13. Nd2 Ndf6 14. f3 Nxd2 15. Bxd2 b5 16. h4 h5 17. g3 Qd6 18. Kf2 Ra7 19. Qb4 Rd8 20. Ra2 Ra4 21. Qxd6 Rxd6 22. Bd1 Ra7 23. a4 Rd8 24. Bb3 Rda8 25. Rfa1 Bd3 26. axb5 Rxa2 27. Rxa2 Rxa2 28. Bxa2 cxb5 29. Bc1 Nd7 30. Ba3 Bc4 31. Bb1 Nb6 32. Bc2 f6 33. Bg6 Na4 34. Bb4 Nb2 35. Bxh5 Nd1+ 36. Kg1 Nxe3 37. Bg6 Bb3 38. Kf2 Nc4 39. Be8 Ba4 40. Ke2 Nb2 41. Kd2 Nd1 42. Ke2 Nb2 43. Kd2 Nd1 44. Ke2 Nb2 45. Bg6 Bb3 46. Kd2 Bc4 47. Kc2 Na4 48. Kd2 Nb6 49. Be8 Na4 50. g4 Nb6 51. f4 Na4 52. g5 fxg5 53. fxg5 Nb6 54. h5 Kh7 55. Bg6+ Kh8 56. Bf7 Kh7 57. Bxe6 g6 58. h6 Bb3 59. Ke3 Nc4+ 60. Kf4 Nd2 61. Bxd5 Bxd5 62. Ke5 Bc4 63. d5 Nf3+ 64. Kf4 Nh4 65. d6 Be6 66. Ke5 Bd7 67. Kf6 Nf3 68. Bc5 Nd2 69. Bd4 Ne4+ 70. Ke7 Bc6 71. Bf6 Nc5 72. Kd8 Ne6+ 73. Ke7 Nc5 74. Bd4 Ne4 75. Be5 Nc5 76. Bg3 Ne4 77. Bf4 Nxc3 78. d7 Nd5+ 79. Kd6 Bxd7 80. Kxd5 Bf5 1/2-1/2

[Event "SVK-ch U18/20"]
[Site "Tatralandia"]
[Date "2025.05.18"]
[Round "9"]
[White "Sleboda, Tomas"]
[Black "Liska, Leo"]
[Result "1/2-1/2"]
[WhiteElo "1000"]
[BlackElo "1741"]
[PlyCount "106"]
[EventDate "2025.05.11"]
[EventType "swiss"]
[EventRounds "9"]
[EventCountry "SVK"]
[SourceTitle "CB21_2025"]
[SourceDate "2025.05.21"]
[SourceVersion "1"]
[SourceVersionDate "2025.05.21"]
[SourceQuality "1"]

1. c4 c6 2. e4 d5 3. exd5 cxd5 4. cxd5 Nf6 5. Nc3 Nxd5 6. Nf3 Nc6 7. Bc4 Nb6 8. Bb5 Bd7 9. d4 a6 10. Be2 e6 11. 0-0 Nb4 12. Ne5 N4d5 13. Ne4 Be7 14. Bd2 Qb8 15. Bd3 h6 16. Qg4 g6 17. Qf3 f5 18. Nc3 Rg8 19. Bxh6 Bf6 20. Nxd5 Nxd5 21. Bd2 Bxe5 22. dxe5 Bc6 23. Qe2 Qd8 24. g3 g5 25. Qh5+ Kd7 26. Qf7+ Qe7 27. Qxe7+ Nxe7 28. Be2 Kc7 29. f4 g4 30. Bc4 Nd5 31. Rac1 Rad8 32. Rf2 Kd7 33. Bxd5 Bxd5 34. a3 Rc8 35. Bc3 Rc6 36. Rd2 Rgc8 37. Kf2 Rc4 38. Rcd1 R4c5 39. Rd4 Ke8 40. R1d2 R5c6 41. Ke1 Rc5 42. R4d3 R5c6 43. Rd4 Rc5 44. Rb4 b5 45. Rbd4 Rc4 46. Rxc4 Rxc4 47. Rd4 Rxd4 48. Bxd4 a5 49. a4 bxa4 50. Bb6 a3 51. bxa3 a4 52. Kf2 Kd7 53. Kg1 Kc6 1/2-1/2

[Event "SVK-ch U18/20"]
[Site "Tatralandia"]
[Date "2025.05.15"]
[Round "6"]
[White "Sleboda, Tomas"]
[Black "Sivicek, David"]
[Result "1-0"]
[WhiteElo "1000"]
[BlackElo "1000"]
[PlyCount "101"]
[EventDate "2025.05.11"]
[EventType "swiss"]
[EventRounds "9"]
[EventCountry "SVK"]
[SourceTitle "CB21_2025"]
[SourceDate "2025.05.21"]
[SourceVersion "1"]
[SourceVersionDate "2025.05.21"]
[SourceQuality "1"]

1. e4 c6 2. d4 d5 3. exd5 cxd5 4. Nf3 Nc6 5. Be2 Bg4 6. 0-0 Bxf3 7. Bxf3 e6 8. Re1 Nge7 9. c3 g6 10. Bg5 Qc7 11. g3 Bg7 12. Nd2 0-0 13. h4 Rae8 14. Bg2 Nf5 15. Nf3 a5 16. Bf4 Nd6 17. h5 Qd8 18. h6 Bf6 19. Qc1 Qd7 20. b3 Rc8 21. Qb2 Ne4 22. Rac1 b5 23. Nd2 b4 24. Nxe4 dxe4 25. Bxe4 bxc3 26. Qxc3 Bxd4 27. Bxc6 Bxc3 28. Bxd7 Bxe1 29. Rxc8 Rxc8 30. Bxc8 Kf8 31. Kf1 Bb4 32. Ke2 Ke7 33. Bd2 Bc5 34. Bxa5 Kf6 35. Bd2 g5 36. b4 Bb6 37. a4 Kg6 38. a5 Ba7 39. b5 Kxh6 40. b6 Bb8 41. a6 Kg6 42. a7 Be5 43. a8Q h5 44. Qe4+ Kf6 45. Bxg5+ Kxg5 46. Qxe5+ Kg6 47. Qh8 e5 48. b7 e4 49. b8B e3 50. Be5 Kg5 51. Qg7# 1-0